The dymaxion world of Buckminster Fuller

Bewaard in:
Bibliografische gegevens
Hoofdauteur: Marks, Robert W. (autor)
Formaat: Boek
Taal:Engels
Gepubliceerd in: Nueva York Reinhold 1960
Onderwerpen:
Tags: Voeg label toe
Geen labels, Wees de eerste die dit record labelt!

MARC

LEADER 00000nam a2200000 a 4500
001 UCV9070
003 CL-VaPUC
008 920507e19600000US |||||||||||||||||eng|d
082 0 4 |a 624.1775  |b MAR  |2 21 
100 |a Marks, Robert W.  |e autor  |9 303076 
245 1 4 |a The dymaxion world of Buckminster Fuller 
300 |a 224 p 
942 |c BK 
945 |d 19920507 00:00:00 
260 |a Nueva York  |b Reinhold  |c 1960 
600 0 7 |a FULLER, RICHARD BUCKMINSTER  |2 CL-VaPUC  |9 267574 
650 7 |a CUPULAS GEODESICAS  |2 CL-VaPUC  |9 267575 
583 |a last modification  |c 19920507 00:00:00  |k Rodrigo Vera 
999 |c 214466  |d 214464 
952 |0 0  |1 0  |4 0  |6 624_177500000000000_MAR_1960  |7 0  |8 A  |9 197848  |a BIBARQ  |b BIBARQ  |d 2019-11-14  |i 2654997  |o 624.1775 MAR 1960  |p 2654997  |r 2025-01-20  |w 2019-11-14  |y BK  |k ARQ